[Event "FIDE World Youth U16 Chess Olympiad SLOVAKIA 2016"]
[Site "Poprad Tatry SLOVAKIA"]
[Date "2016.07.25"]
[Round "5"]
[Board "2"]
[White "De Jager, Luan"]
[Black "Oh, Benjamin Yao Teng"]
[Result "1/2-1/2"]
[WhiteElo "1766"]
[BlackElo "1687"]
[PlyCount "0"]
[EventDate "2016.07.22"]
[EventType "team"]
[EventRounds "9"]
[EventCountry "SVK"]
[WhiteTeam "South Africa 1"]
[BlackTeam "Hong Kong"]

1. e4 {[%clk 1:30:56]} e5 {[%clk 1:30:54]} 2. Nf3 {[%clk 1:31:14]} Nc6
{[%clk 1:31:18]} 3. Bb5 {[%clk 1:31:36]} Nf6 {[%clk 1:31:39]} 4. d4
{[%clk 1:31:51]} Nxd4 {[%clk 1:09:29]} 5. Nxd4 {[%clk 1:31:39]} exd4
{[%clk 1:09:11]} 6. O-O {[%clk 1:29:35]} c6 {[%clk 1:02:58]} 7. Ba4
{[%clk 1:24:15]} d5 {[%clk 0:57:39]} 8. exd5 {[%clk 1:21:05]} Qxd5
{[%clk 0:52:25]} 9. Bb3 {[%clk 1:18:16]} Qd8 {[%clk 0:52:13]} 10. Re1+
{[%clk 1:13:32]} Be7 {[%clk 0:52:23]} 11. Qe2 {[%clk 1:13:44]} Nd5
{[%clk 0:51:33]} 12. Bg5 {[%clk 0:54:59]} Be6 {[%clk 0:49:52]} 13. Bxe7
{[%clk 0:53:17]} Qxe7 {[%clk 0:49:40]} 14. Bxd5 {[%clk 0:52:27]} cxd5
{[%clk 0:49:59]} 15. f4 {[%clk 0:51:18]} g6 {[%clk 0:48:51]} 16. Qe5
{[%clk 0:47:36]} O-O {[%clk 0:47:32]} 17. f5 {[%clk 0:43:45]} gxf5
{[%clk 0:46:55]} 18. Qxd4 {[%clk 0:43:27]} Rfc8 {[%clk 0:31:06]} 19. Nc3
{[%clk 0:39:11]} Qc5 {[%clk 0:29:28]} 20. Rad1 {[%clk 0:39:07]} b5
{[%clk 0:23:13]} 21. Qxc5 {[%clk 0:37:34]} Rxc5 {[%clk 0:23:41]} 22. Rd4
{[%clk 0:37:40]} Rc4 {[%clk 0:21:10]} 23. Red1 {[%clk 0:29:54]} b4
{[%clk 0:15:17]} 24. Na4 {[%clk 0:23:48]} Rxc2 {[%clk 0:12:42]} 25. Rxb4
{[%clk 0:23:40]} Rac8 {[%clk 0:11:43]} 26. Rb7 {[%clk 0:18:10]} d4
{[%clk 0:11:17]} 27. Rxd4 {[%clk 0:17:12]} Rc1+ {[%clk 0:11:28]} 28. Kf2
{[%clk 0:17:29]} R8c2+ {[%clk 0:11:42]} 29. Ke3 {[%clk 0:11:34]} Re1+
{[%clk 0:11:43]} 30. Kf3 {[%clk 0:10:17]} Ree2 {[%clk 0:11:12]} 31. Rxa7
{[%clk 0:10:07]} Rf2+ {[%clk 0:11:04]} 32. Ke3 {[%clk 0:07:45]} Rxg2
{[%clk 0:10:25]} 33. Rh4 {[%clk 0:06:47]} Bxa2 {[%clk 0:06:43]} 34. Ra5
{[%clk 0:04:59]} Rce2+ {[%clk 0:05:53]} 35. Kd3 {[%clk 0:04:19]} Bb1+
{[%clk 0:05:40]} 36. Kc3 {[%clk 0:04:31]} Rxh2 {[%clk 0:04:53]} 37. Rxh2
{[%clk 0:04:12]} Rxh2 {[%clk 0:05:22]} 38. Nc5 {[%clk 0:03:45]} f4
{[%clk 0:03:49]} 39. Ra1 {[%clk 0:03:08]} Rc2+ {[%clk 0:03:57]} 40. Kb3
{[%clk 0:03:18]} Rxc5 {[%clk 0:04:14]} 41. Rxb1 {[%clk 0:03:41]} Kg7
{[%clk 0:04:12]} 42. Rf1 {[%clk 0:04:03]} Rf5 {[%clk 0:04:37]} 43. Kc4
{[%clk 0:03:41]} Kf6 {[%clk 0:03:54]} 44. b4 {[%clk 0:04:00]} Kg5
{[%clk 0:03:48]} 45. b5 {[%clk 0:04:06]} Re5 {[%clk 0:03:43]} 46. b6
{[%clk 0:04:17]} Re8 {[%clk 0:03:54]} 47. Rg1+ {[%clk 0:04:07]} Kf5
{[%clk 0:03:57]} 48. Rg7 {[%clk 0:03:59]} f3 {[%clk 0:03:55]} 49. Rxf7+
{[%clk 0:04:12]} Ke4 {[%clk 0:04:21]} 50. Rxh7 {[%clk 0:04:01]} Rf8
{[%clk 0:04:00]} 51. Re7+ {[%clk 0:02:57]} Kf4 {[%clk 0:04:17]} 52. Re1
{[%clk 0:03:17]} f2 {[%clk 0:04:09]} 53. Rf1 {[%clk 0:03:37]} Ke3
{[%clk 0:04:34]} 54. Kc5 {[%clk 0:03:48]} Ke2 {[%clk 0:04:10]} 55. Rxf2+
{[%clk 0:04:08]} Kxf2 {[%clk 0:04:34]} 56. b7 {[%clk 0:04:26]} Ke3
{[%clk 0:04:42]} 57. Kc6 {[%clk 0:04:52]} Kd4 {[%clk 0:04:32]} 58. Kc7
{[%clk 0:05:16]} Rf7+ {[%clk 0:04:25]} 59. Kc8 {[%clk 0:05:26]} Rxb7
{[%clk 0:04:13]} 60. Kxb7 1/2-1/2

[Event "FIDE World Youth U16 Chess Olympiad SLOVAKIA 2016"]
[Site "Poprad Tatry SLOVAKIA"]
[Date "2016.07.25"]
[Round "5"]
[Board "3"]
[White "Deng, Jing Xin Crystal"]
[Black "Agulhas, Keegan"]
[Result "1/2-1/2"]
[WhiteElo "1653"]
[BlackElo "1716"]
[PlyCount "0"]
[EventDate "2016.07.22"]
[EventType "team"]
[EventRounds "9"]
[EventCountry "SVK"]
[WhiteTeam "Hong Kong"]
[BlackTeam "South Africa 1"]

1. d4 {[%clk 1:30:58]} Nf6 {[%clk 1:30:27]} 2. c4 {[%clk 1:31:24]} g6
{[%clk 1:30:33]} 3. Nc3 {[%clk 1:31:48]} Bg7 {[%clk 1:30:52]} 4. e4
{[%clk 1:32:12]} d6 {[%clk 1:30:49]} 5. f3 {[%clk 1:32:35]} O-O {[%clk 1:30:36]}
6. Be3 {[%clk 1:33:00]} Nc6 {[%clk 1:30:29]} 7. Nge2 {[%clk 1:33:23]} a6
{[%clk 1:29:07]} 8. Qd2 {[%clk 1:33:37]} Rb8 {[%clk 1:27:51]} 9. Nc1
{[%clk 1:33:33]} Nd7 {[%clk 1:25:56]} 10. Nb3 {[%clk 1:29:49]} e5
{[%clk 1:04:39]} 11. d5 {[%clk 1:24:35]} Ne7 {[%clk 1:04:14]} 12. Bd3
{[%clk 1:17:50]} f5 {[%clk 0:57:59]} 13. exf5 {[%clk 1:11:20]} Nxf5
{[%clk 0:58:23]} 14. Bf2 {[%clk 1:07:26]} Bh6 {[%clk 0:47:21]} 15. Qe2
{[%clk 1:02:36]} Qg5 {[%clk 0:44:13]} 16. O-O {[%clk 0:55:02]} Nf6
{[%clk 0:37:26]} 17. Ne4 {[%clk 0:48:03]} Nxe4 {[%clk 0:36:19]} 18. fxe4
{[%clk 0:45:55]} Ne3 {[%clk 0:36:24]} 19. Bxe3 {[%clk 0:45:56]} Qxe3+
{[%clk 0:36:48]} 20. Qxe3 {[%clk 0:44:05]} Bxe3+ {[%clk 0:37:13]} 21. Kh1
{[%clk 0:44:32]} Bd7 {[%clk 0:37:05]} 22. Rae1 {[%clk 0:42:44]} Rxf1+
{[%clk 0:36:16]} 23. Rxf1 {[%clk 0:41:48]} Rf8 {[%clk 0:36:41]} 24. Re1
{[%clk 0:40:31]} Bb6 {[%clk 0:36:18]} 25. Nc1 {[%clk 0:37:12]} Rf2
{[%clk 0:32:44]} 26. b4 {[%clk 0:35:03]} Bd4 {[%clk 0:25:58]} 27. Ne2
{[%clk 0:33:01]} Be3 {[%clk 0:24:32]} 28. h3 {[%clk 0:30:29]} b5 {[%clk 0:18:02]}
29. a3 {[%clk 0:24:48]} bxc4 {[%clk 0:16:58]} 30. Bxc4 {[%clk 0:25:00]} Bb5
{[%clk 0:17:25]} 31. Bxb5 {[%clk 0:24:32]} axb5 {[%clk 0:17:51]} 32. Ng1
{[%clk 0:18:10]} Bf4 {[%clk 0:16:00]} 33. Re2 {[%clk 0:14:48]} Rf1
{[%clk 0:13:16]} 34. g3 {[%clk 0:12:03]} Bc1 {[%clk 0:11:30]} 35. Kg2
{[%clk 0:10:36]} Rd1 {[%clk 0:10:50]} 36. Ra2 {[%clk 0:08:34]} Rd3
{[%clk 0:08:59]} 37. a4 {[%clk 0:08:13]} bxa4 {[%clk 0:05:08]} 38. Rxa4
{[%clk 0:08:38]} Rd4 {[%clk 0:05:34]} 39. Ne2 {[%clk 0:07:58]} Rd2
{[%clk 0:05:42]} 40. Kf1 {[%clk 0:08:04]} Rc2 {[%clk 0:02:34]} 41. Nxc1
{[%clk 0:07:43]} Rxc1+ {[%clk 0:03:01]} 42. Kf2 {[%clk 0:08:02]} Rc3
{[%clk 0:03:30]} 43. b5 {[%clk 0:07:57]} h5 {[%clk 0:02:31]} 44. h4
{[%clk 0:08:08]} Kf7 {[%clk 0:02:32]} 45. Rb4 {[%clk 0:08:11]} Ke8 1/2-1/2

[Event "FIDE World Youth U16 Chess Olympiad SLOVAKIA 2016"]
[Site "Poprad Tatry SLOVAKIA"]
[Date "2016.07.25"]
[Round "5"]
[Board "4"]
[White "Joubert, Dantelle"]
[Black "Lee, Katrina Yin Yee"]
[Result "1-0"]
[WhiteElo "1453"]
[BlackElo "1644"]
[PlyCount "0"]
[EventDate "2016.07.22"]
[EventType "team"]
[EventRounds "9"]
[EventCountry "SVK"]
[WhiteTeam "South Africa 1"]
[BlackTeam "Hong Kong"]

1. e4 {[%clk 1:30:57]} e5 {[%clk 1:30:55]} 2. Nf3 {[%clk 1:31:23]} Nc6
{[%clk 1:31:21]} 3. Bb5 {[%clk 1:31:46]} Nf6 {[%clk 1:31:39]} 4. d3
{[%clk 1:30:39]} Bc5 {[%clk 1:31:27]} 5. O-O {[%clk 1:30:46]} d6 {[%clk 1:31:41]}
6. h3 {[%clk 1:30:54]} O-O {[%clk 1:27:54]} 7. c3 {[%clk 1:27:16]} Ne7
{[%clk 1:23:09]} 8. Re1 {[%clk 1:26:50]} Ng6 {[%clk 1:22:34]} 9. Nbd2
{[%clk 1:22:42]} c6 {[%clk 1:22:09]} 10. Ba4 {[%clk 1:22:58]} b5 {[%clk 1:17:18]}
11. Bc2 {[%clk 1:23:12]} Re8 {[%clk 1:16:33]} 12. d4 {[%clk 1:21:51]} Bb6
{[%clk 1:15:54]} 13. a3 {[%clk 1:20:52]} a5 {[%clk 1:13:49]} 14. Nf1
{[%clk 1:20:29]} Qc7 {[%clk 1:10:26]} 15. Ng3 {[%clk 1:17:14]} Bb7
{[%clk 1:00:31]} 16. Bg5 {[%clk 1:11:00]} Nd7 {[%clk 0:57:19]} 17. Bd3
{[%clk 1:02:11]} h6 {[%clk 0:57:09]} 18. Bd2 {[%clk 1:00:15]} Nf6
{[%clk 0:56:17]} 19. Rc1 {[%clk 0:59:50]} d5 {[%clk 0:49:25]} 20. dxe5
{[%clk 0:56:53]} dxe4 {[%clk 0:46:54]} 21. Nxe4 {[%clk 0:55:10]} Nd5
{[%clk 0:39:37]} 22. Nd6 {[%clk 0:51:29]} Nxe5 {[%clk 0:38:29]} 23. Nxe8
{[%clk 0:48:43]} Rxe8 {[%clk 0:32:07]} 24. Nxe5 {[%clk 0:46:16]} Rxe5
{[%clk 0:32:28]} 25. Rxe5 {[%clk 0:46:09]} Qxe5 {[%clk 0:32:54]} 26. Qg4
{[%clk 0:44:34]} Nf6 {[%clk 0:26:41]} 27. Qf4 {[%clk 0:41:15]} Qd5
{[%clk 0:18:21]} 28. Qb8+ {[%clk 0:39:10]} Bd8 {[%clk 0:18:42]} 29. Qxb7
{[%clk 0:35:08]} Qxd3 {[%clk 0:19:03]} 30. Be3 {[%clk 0:35:04]} Ne4
{[%clk 0:11:01]} 31. Qxc6 {[%clk 0:33:45]} Ng3 {[%clk 0:09:19]} 32. Qe8+
{[%clk 0:34:03]} Kh7 {[%clk 0:09:35]} 33. fxg3 {[%clk 0:34:23]} Qe2
{[%clk 0:07:49]} 34. Qe4+ {[%clk 0:34:24]} Kg8 {[%clk 0:07:07]} 35. Qf3
{[%clk 0:34:10]} Qxb2 {[%clk 0:07:00]} 36. Rd1 {[%clk 0:33:26]} Bf6
{[%clk 0:06:32]} 37. Bd4 {[%clk 0:30:44]} Qc2 {[%clk 0:05:02]} 38. Bxf6
{[%clk 0:30:21]} gxf6 {[%clk 0:05:21]} 39. Rd8+ {[%clk 0:30:28]} 1-0

[Event "FIDE World Youth U16 Chess Olympiad SLOVAKIA 2016"]
[Site "Poprad Tatry SLOVAKIA"]
[Date "2016.07.25"]
[Round "5"]
[Board "1"]
[White "Trzaskowska, Hanna"]
[Black "Kostolansky, Sebastian Lukas"]
[Result "0-1"]
[WhiteElo "1318"]
[BlackElo "1962"]
[PlyCount "0"]
[EventDate "2016.07.22"]
[EventType "team"]
[EventRounds "9"]
[EventCountry "SVK"]
[WhiteTeam "Poland 2 - Warmia - Mazury"]
[BlackTeam "Slovakia BSZ"]

1. e4 {[%clk 1:30:57]} e6 {[%clk 1:30:47]} 2. d4 {[%clk 1:31:21]} d5
{[%clk 1:31:10]} 3. Nd2 {[%clk 1:31:44]} c5 {[%clk 1:30:52]} 4. exd5
{[%clk 1:31:54]} exd5 {[%clk 1:30:56]} 5. Ngf3 {[%clk 1:31:01]} Bd6
{[%clk 1:30:03]} 6. dxc5 {[%clk 1:30:00]} Bxc5 {[%clk 1:29:43]} 7. Nb3
{[%clk 1:28:33]} Bb6 {[%clk 1:29:36]} 8. Bb5+ {[%clk 1:28:07]} Nc6
{[%clk 1:29:16]} 9. O-O {[%clk 1:26:45]} Nge7 {[%clk 1:28:23]} 10. Re1
{[%clk 1:13:14]} O-O {[%clk 1:28:25]} 11. Bf4 {[%clk 0:59:20]} Bg4
{[%clk 1:25:25]} 12. h3 {[%clk 0:55:22]} Bh5 {[%clk 1:24:26]} 13. Qd3
{[%clk 0:46:25]} a6 {[%clk 1:10:43]} 14. Bxc6 {[%clk 0:44:12]} Nxc6
{[%clk 1:02:54]} 15. Ne5 {[%clk 0:34:09]} Qf6 {[%clk 0:45:41]} 16. Bg3
{[%clk 0:23:11]} Nxe5 {[%clk 0:42:49]} 17. Rxe5 {[%clk 0:23:24]} Bxf2+
{[%clk 0:42:36]} 18. Kh1 {[%clk 0:18:52]} Bg6 {[%clk 0:42:40]} 19. Qxd5
{[%clk 0:11:36]} Bxg3 {[%clk 0:42:54]} 20. Re3 {[%clk 0:10:50]} Bc7
{[%clk 0:42:16]} 21. Rc3 {[%clk 0:08:19]} Qf4 {[%clk 0:40:36]} 22. Kg1
{[%clk 0:08:28]} Be4 {[%clk 0:40:01]} 23. Qc5 {[%clk 0:04:04]} Qh2+
{[%clk 0:39:33]} 24. Kf2 {[%clk 0:04:25]} Qxg2+ {[%clk 0:39:32]} 25. Ke3
{[%clk 0:04:03]} Qf3+ {[%clk 0:39:06]} 26. Kd4 {[%clk 0:03:20]} Rfd8+
{[%clk 0:38:40]} 27. Kc4 {[%clk 0:03:26]} Bd5+ {[%clk 0:38:12]} 28. Kb4
{[%clk 0:03:17]} Qe4+ {[%clk 0:38:15]} 29. Rc4 {[%clk 0:02:12]} a5+
{[%clk 0:38:03]} 0-1

[Event "FIDE World Youth U16 Chess Olympiad SLOVAKIA 2016"]
[Site "Poprad Tatry SLOVAKIA"]
[Date "2016.07.25"]
[Round "5"]
[Board "2"]
[White "Sandor, Martin"]
[Black "Hrymowicz, Artur"]
[Result "0-1"]
[WhiteElo "1763"]
[BlackElo "1744"]
[PlyCount "0"]
[EventDate "2016.07.22"]
[EventType "team"]
[EventRounds "9"]
[EventCountry "SVK"]
[WhiteTeam "Slovakia BSZ"]
[BlackTeam "Poland 2 - Warmia - Mazury"]

1. e4 {[%clk 1:30:58]} c5 {[%clk 1:30:55]} 2. Nf3 {[%clk 1:31:22]} d6
{[%clk 1:31:21]} 3. d4 {[%clk 1:31:46]} cxd4 {[%clk 1:31:44]} 4. Nxd4
{[%clk 1:32:11]} Nf6 {[%clk 1:31:59]} 5. Nc3 {[%clk 1:32:25]} a6 {[%clk 1:32:21]}
6. f3 {[%clk 1:31:59]} e6 {[%clk 1:31:49]} 7. Be3 {[%clk 1:31:46]} Be7
{[%clk 1:32:11]} 8. Qd2 {[%clk 1:30:50]} Qc7 {[%clk 1:32:28]} 9. Be2
{[%clk 1:28:42]} b5 {[%clk 1:31:36]} 10. a3 {[%clk 1:27:08]} Bb7 {[%clk 1:31:02]}
11. O-O {[%clk 1:24:12]} Nbd7 {[%clk 1:28:58]} 12. Rfd1 {[%clk 1:19:56]} O-O
{[%clk 1:29:07]} 13. Bf1 {[%clk 1:18:47]} Rac8 {[%clk 1:28:53]} 14. Qf2
{[%clk 1:17:25]} Ne5 {[%clk 1:25:09]} 15. Nde2 {[%clk 1:16:06]} Nc4
{[%clk 1:25:03]} 16. Bc1 {[%clk 1:15:55]} d5 {[%clk 1:20:30]} 17. Kh1
{[%clk 1:03:49]} dxe4 {[%clk 1:19:27]} 18. Nxe4 {[%clk 1:03:20]} Bxe4
{[%clk 1:16:53]} 19. fxe4 {[%clk 1:03:34]} Ng4 {[%clk 1:17:01]} 20. Qg1
{[%clk 1:01:40]} Bc5 {[%clk 1:16:36]} 21. Nd4 {[%clk 1:02:00]} e5
{[%clk 1:16:12]} 22. c3 {[%clk 1:02:12]} exd4 {[%clk 1:16:13]} 23. cxd4
{[%clk 1:02:38]} Ba7 {[%clk 1:09:36]} 24. Rd3 {[%clk 1:00:08]} Rfd8
{[%clk 1:08:59]} 25. b3 {[%clk 0:58:17]} Rxd4 {[%clk 1:05:09]} 0-1

[Event "FIDE World Youth U16 Chess Olympiad SLOVAKIA 2016"]
[Site "Poprad Tatry SLOVAKIA"]
[Date "2016.07.25"]
[Round "5"]
[Board "3"]
[White "Daliga, Anita"]
[Black "Vozarova, Adriana"]
[Result "1-0"]
[WhiteElo "1703"]
[BlackElo "1561"]
[PlyCount "0"]
[EventDate "2016.07.22"]
[EventType "team"]
[EventRounds "9"]
[EventCountry "SVK"]
[WhiteTeam "Poland 2 - Warmia - Mazury"]
[BlackTeam "Slovakia BSZ"]

1. e4 {[%clk 1:30:56]} e5 {[%clk 1:30:56]} 2. Nf3 {[%clk 1:31:18]} Nc6
{[%clk 1:31:20]} 3. Bb5 {[%clk 1:31:39]} a6 {[%clk 1:31:30]} 4. Ba4
{[%clk 1:31:56]} Nf6 {[%clk 1:31:03]} 5. O-O {[%clk 1:30:51]} Be7
{[%clk 1:31:06]} 6. Re1 {[%clk 1:28:43]} b5 {[%clk 1:31:24]} 7. Bb3
{[%clk 1:28:52]} d6 {[%clk 1:30:18]} 8. h3 {[%clk 1:24:53]} Na5 {[%clk 1:26:14]}
9. d3 {[%clk 1:22:34]} Nxb3 {[%clk 1:23:18]} 10. axb3 {[%clk 1:22:43]} O-O
{[%clk 1:22:56]} 11. Nc3 {[%clk 1:21:20]} c6 {[%clk 1:15:52]} 12. Ne2
{[%clk 1:16:53]} h6 {[%clk 1:11:08]} 13. Ng3 {[%clk 1:14:52]} Nh7
{[%clk 1:07:45]} 14. Nf5 {[%clk 1:10:07]} Bxf5 {[%clk 1:05:55]} 15. exf5
{[%clk 1:10:24]} Qd7 {[%clk 1:03:45]} 16. g4 {[%clk 1:04:21]} Qd8
{[%clk 0:51:48]} 17. d4 {[%clk 0:58:28]} f6 {[%clk 0:37:00]} 18. Bd2
{[%clk 0:49:42]} Qb6 {[%clk 0:31:35]} 19. Kg2 {[%clk 0:39:11]} Rfe8
{[%clk 0:27:25]} 20. Ba5 {[%clk 0:35:42]} Qa7 {[%clk 0:25:48]} 21. Qd2
{[%clk 0:31:18]} Bd8 {[%clk 0:23:55]} 22. dxe5 {[%clk 0:26:49]} dxe5
{[%clk 0:21:14]} 23. Rad1 {[%clk 0:24:01]} Bxa5 {[%clk 0:20:50]} 24. Qxa5
{[%clk 0:24:26]} c5 {[%clk 0:17:33]} 25. Rd6 {[%clk 0:20:59]} Qb7
{[%clk 0:15:38]} 26. Qb6 {[%clk 0:19:13]} Qxb6 27. Rxb6 {[%clk 0:19:38]} Reb8
{[%clk 0:13:29]} 28. Rxb8+ {[%clk 0:16:13]} Rxb8 {[%clk 0:13:55]} 29. Rd1
{[%clk 0:16:37]} Rb6 {[%clk 0:09:45]} 30. Nh4 {[%clk 0:13:58]} Kf8
{[%clk 0:09:08]} 31. Rd7 {[%clk 0:13:45]} Ng5 {[%clk 0:05:13]} 32. Ng6+
{[%clk 0:12:06]} Ke8 {[%clk 0:05:15]} 33. Re7+ {[%clk 0:11:43]} Kd8
{[%clk 0:05:19]} 34. f3 {[%clk 0:10:19]} Rd6 {[%clk 0:04:00]} 35. h4
{[%clk 0:10:07]} Rd2+ {[%clk 0:04:12]} 36. Kg3 {[%clk 0:10:03]} Nxf3
{[%clk 0:04:08]} 37. Kxf3 {[%clk 0:10:26]} Rxc2 {[%clk 0:04:16]} 38. Rxg7
{[%clk 0:08:01]} Rxb2 {[%clk 0:03:59]} 39. Rf7 {[%clk 0:07:26]} Rxb3+
{[%clk 0:04:23]} 40. Kf2 {[%clk 0:07:23]} c4 {[%clk 0:04:08]} 41. Rxf6
{[%clk 0:06:58]} c3 {[%clk 0:03:33]} 42. Rc6 {[%clk 0:05:50]} a5 {[%clk 0:02:55]}
43. f6 {[%clk 0:05:59]} Kd7 {[%clk 0:02:05]} 44. Nxe5+ {[%clk 0:06:06]} Kd8
{[%clk 0:02:09]} 45. f7 {[%clk 0:06:19]} Rb2+ {[%clk 0:02:06]} 46. Ke3
{[%clk 0:06:14]} Ke7 {[%clk 0:01:33]} 47. Rc7+ {[%clk 0:06:15]} Kd6
{[%clk 0:01:40]} 48. Rd7+ {[%clk 0:06:16]} Kxe5 {[%clk 0:01:50]} 49. f8=Q
{[%clk 0:06:36]} 1-0

[Event "FIDE World Youth U16 Chess Olympiad SLOVAKIA 2016"]
[Site "Poprad Tatry SLOVAKIA"]
[Date "2016.07.25"]
[Round "5"]
[Board "4"]
[White "Petrek, David"]
[Black "Zarebska, Lena"]
[Result "0-1"]
[WhiteElo "1548"]
[BlackElo "1406"]
[PlyCount "0"]
[EventDate "2016.07.22"]
[EventType "team"]
[EventRounds "9"]
[EventCountry "SVK"]
[WhiteTeam "Slovakia BSZ"]
[BlackTeam "Poland 2 - Warmia - Mazury"]

1. e4 {[%clk 1:30:56]} c5 {[%clk 1:30:48]} 2. Nf3 {[%clk 1:31:11]} Nc6
{[%clk 1:31:06]} 3. d4 {[%clk 1:31:28]} cxd4 {[%clk 1:31:29]} 4. Nxd4
{[%clk 1:31:39]} g6 {[%clk 1:31:43]} 5. c4 {[%clk 1:31:37]} Nf6 {[%clk 1:31:58]}
6. Nc3 {[%clk 1:31:35]} d6 {[%clk 1:32:10]} 7. f3 {[%clk 1:31:05]} Nxd4
{[%clk 1:32:16]} 8. Qxd4 {[%clk 1:31:19]} Bg7 {[%clk 1:32:08]} 9. Be3
{[%clk 1:31:18]} O-O {[%clk 1:32:18]} 10. Qd2 {[%clk 1:31:35]} Be6
{[%clk 1:32:08]} 11. Be2 {[%clk 1:31:16]} Qa5 {[%clk 1:31:28]} 12. Rc1
{[%clk 1:19:36]} Rfc8 {[%clk 1:30:42]} 13. b3 {[%clk 1:19:43]} a6
{[%clk 1:29:53]} 14. O-O {[%clk 1:12:34]} Nd7 {[%clk 1:20:16]} 15. Nd5
{[%clk 1:07:45]} Qxd2 {[%clk 1:20:13]} 16. Bxd2 {[%clk 1:08:05]} Bxd5
{[%clk 1:20:34]} 17. cxd5 {[%clk 1:07:33]} Bb2 {[%clk 1:11:38]} 18. Rc4
{[%clk 0:52:24]} Ne5 {[%clk 1:08:50]} 19. Rxc8+ {[%clk 0:35:17]} Rxc8
{[%clk 1:06:53]} 20. f4 {[%clk 0:35:26]} Nd7 {[%clk 1:06:58]} 21. Bg4
{[%clk 0:31:11]} Rc7 {[%clk 1:05:26]} 22. Bxd7 {[%clk 0:31:13]} Rxd7
{[%clk 1:05:19]} 23. Bc1 {[%clk 0:30:56]} Bd4+ {[%clk 1:05:09]} 24. Kh1
{[%clk 0:31:13]} Rc7 {[%clk 1:05:25]} 25. b4 {[%clk 0:26:05]} Rc2
{[%clk 1:03:55]} 26. a3 {[%clk 0:26:25]} Ra2 {[%clk 1:02:34]} 27. g3
{[%clk 0:26:02]} Re2 {[%clk 0:57:46]} 28. f5 {[%clk 0:25:45]} Rxe4
{[%clk 0:57:27]} 29. fxg6 {[%clk 0:26:13]} hxg6 {[%clk 0:57:44]} 30. Kg2
{[%clk 0:26:22]} Re2+ {[%clk 0:57:31]} 31. Kh3 {[%clk 0:26:39]} Re5
{[%clk 0:56:32]} 32. Bf4 {[%clk 0:26:29]} Rxd5 {[%clk 0:55:57]} 33. Rd1
{[%clk 0:26:49]} Rh5+ {[%clk 0:56:15]} 34. Kg4 {[%clk 0:27:09]} Bb2
{[%clk 0:55:07]} 35. Bc1 {[%clk 0:27:26]} Be5 {[%clk 0:55:12]} 36. Bg5
{[%clk 0:27:24]} f5+ 0-1

[Event "FIDE World Youth U16 Chess Olympiad SLOVAKIA 2016"]
[Site "Poprad Tatry SLOVAKIA"]
[Date "2016.07.25"]
[Round "5"]
[Board "1"]
[White "Holly, Andrej"]
[Black "Sankova, Stella"]
[Result "1/2-1/2"]
[WhiteElo "1783"]
[BlackElo "1911"]
[PlyCount "0"]
[EventDate "2016.07.22"]
[EventType "team"]
[EventRounds "9"]
[EventCountry "SVK"]
[WhiteTeam "Slovakia LSS B"]
[BlackTeam "Slovakia RSA BB Detva"]

1. d4 {[%clk 1:30:57]} d5 {[%clk 1:30:35]} 2. c4 {[%clk 1:31:15]} c6
{[%clk 1:30:39]} 3. cxd5 {[%clk 1:31:14]} cxd5 {[%clk 1:31:03]} 4. Nc3
{[%clk 1:31:15]} Nf6 {[%clk 1:30:26]} 5. Nf3 {[%clk 1:30:43]} Nc6
{[%clk 1:30:20]} 6. Bf4 {[%clk 1:30:36]} Bf5 {[%clk 1:29:42]} 7. e3
{[%clk 1:30:14]} e6 {[%clk 1:29:10]} 8. Bb5 {[%clk 1:29:46]} Be7 {[%clk 1:24:32]}
9. Ne5 {[%clk 1:28:02]} Qb6 {[%clk 1:23:34]} 10. O-O {[%clk 1:21:54]} O-O
{[%clk 1:23:07]} 11. Bxc6 {[%clk 1:18:06]} bxc6 {[%clk 1:23:25]} 12. Na4
{[%clk 1:16:51]} Qb5 {[%clk 1:19:24]} 13. Rc1 {[%clk 1:15:04]} Rfc8
{[%clk 1:13:52]} 14. a3 {[%clk 1:05:20]} c5 {[%clk 1:04:27]} 15. dxc5
{[%clk 1:04:23]} Bxc5 {[%clk 1:04:50]} 16. Nxc5 {[%clk 1:04:27]} Rxc5
{[%clk 1:05:14]} 17. b4 {[%clk 1:03:17]} Rcc8 {[%clk 1:03:08]} 18. h3
{[%clk 0:49:02]} a5 {[%clk 0:58:05]} 19. Qb3 {[%clk 0:47:07]} Ne4
{[%clk 0:56:06]} 20. Nf3 {[%clk 0:43:23]} axb4 {[%clk 0:49:21]} 21. Nd4
{[%clk 0:30:26]} Qb7 {[%clk 0:43:51]} 22. Nxf5 {[%clk 0:27:18]} exf5
{[%clk 0:43:37]} 23. Qxb4 {[%clk 0:27:02]} Qxb4 {[%clk 0:42:55]} 24. axb4
{[%clk 0:27:12]} Nc3 {[%clk 0:38:57]} 25. Kh2 {[%clk 0:25:53]} h6
{[%clk 0:32:21]} 26. Rc2 {[%clk 0:22:58]} Na2 {[%clk 0:27:20]} 1/2-1/2

[Event "FIDE World Youth U16 Chess Olympiad SLOVAKIA 2016"]
[Site "Poprad Tatry SLOVAKIA"]
[Date "2016.07.25"]
[Round "5"]
[Board "2"]
[White "Cibikova, Sofia Anna"]
[Black "Sromovska, Livia"]
[Result "1-0"]
[WhiteElo "1682"]
[BlackElo "1631"]
[PlyCount "0"]
[EventDate "2016.07.22"]
[EventType "team"]
[EventRounds "9"]
[EventCountry "SVK"]
[WhiteTeam "Slovakia RSA BB Detva"]
[BlackTeam "Slovakia LSS B"]

1. e4 {[%clk 1:30:57]} e5 {[%clk 1:30:48]} 2. Nc3 {[%clk 1:31:01]} Nc6
{[%clk 1:30:05]} 3. f4 {[%clk 1:30:19]} exf4 {[%clk 1:27:15]} 4. Nf3
{[%clk 1:28:52]} g6 {[%clk 1:21:36]} 5. d4 {[%clk 1:25:39]} d6 {[%clk 1:19:57]}
6. Bxf4 {[%clk 1:23:27]} Bg7 {[%clk 1:15:18]} 7. Qd2 {[%clk 1:12:54]} Qe7
{[%clk 1:10:07]} 8. Qe3 {[%clk 1:06:07]} Bg4 {[%clk 1:00:43]} 9. Nd5
{[%clk 0:59:17]} Qd7 {[%clk 0:58:02]} 10. c3 {[%clk 0:47:34]} Bxf3
{[%clk 0:45:03]} 11. gxf3 {[%clk 0:47:10]} Nce7 {[%clk 0:41:05]} 12. Bg5
{[%clk 0:43:17]} h6 {[%clk 0:38:55]} 13. Nxe7 {[%clk 0:42:13]} Nxe7
{[%clk 0:38:32]} 14. Bxe7 {[%clk 0:41:50]} Qxe7 {[%clk 0:38:54]} 15. O-O-O
{[%clk 0:39:54]} O-O-O {[%clk 0:37:43]} 16. Bh3+ {[%clk 0:37:44]} Kb8
{[%clk 0:37:52]} 17. f4 {[%clk 0:35:50]} f6 {[%clk 0:36:29]} 18. Rhg1
{[%clk 0:34:16]} g5 {[%clk 0:35:08]} 19. Bf5 {[%clk 0:33:53]} Qf7
{[%clk 0:30:15]} 20. Kb1 {[%clk 0:33:32]} Qh5 {[%clk 0:28:07]} 21. Rdf1
{[%clk 0:30:15]} Rhe8 {[%clk 0:23:55]} 22. h4 {[%clk 0:28:41]} gxf4
{[%clk 0:21:14]} 23. Rxf4 {[%clk 0:27:33]} Re7 {[%clk 0:20:23]} 24. Qf2
{[%clk 0:22:59]} Qf7 {[%clk 0:18:24]} 25. Rfg4 {[%clk 0:21:57]} Bf8
{[%clk 0:16:11]} 26. d5 {[%clk 0:20:35]} Qe8 {[%clk 0:14:40]} 27. Qd4
{[%clk 0:17:27]} Re5 {[%clk 0:14:05]} 28. Rg8 {[%clk 0:14:15]} c5
{[%clk 0:13:20]} 29. Qd2 {[%clk 0:11:24]} Qh5 {[%clk 0:11:44]} 30. Qf2
{[%clk 0:10:59]} Qf7 {[%clk 0:11:11]} 31. Rh8 {[%clk 0:10:04]} Qe7
{[%clk 0:09:18]} 32. Rh7 {[%clk 0:09:58]} Qe8 {[%clk 0:09:11]} 33. Rg8
{[%clk 0:08:22]} Qa4 {[%clk 0:08:43]} 34. b3 {[%clk 0:06:31]} Qa5
{[%clk 0:08:35]} 35. Qd2 {[%clk 0:06:11]} Rde8 {[%clk 0:07:25]} 36. Rhh8
{[%clk 0:06:04]} Qd8 {[%clk 0:04:46]} 37. Bg6 {[%clk 0:06:18]} Bg7
{[%clk 0:04:59]} 38. Rxe8 {[%clk 0:06:35]} 1-0